| 000 | 00897nam0a22002411 4500 | ||
|---|---|---|---|
| 001 | rc\2624007 | ||
| 005 | 20230921144312.0 | ||
| 035 | _a(NLR Aleph) 006787615 | ||
| 090 |
_a6110142 _c6110142 |
||
| 100 | _a20110914d1931 |||y0rusy50 ca | ||
| 101 | 0 | _arus | |
| 102 | _aRU | ||
| 105 | _aa z ||||| | ||
| 200 | 1 |
_aК гидравлическому расчету водопропускных отверстий в плотинах _fИнж. Н. И. Осипов _gНКЗ СССР. Средволсельстрой. Краев. рационализаторская станция |
|
| 210 |
_a[Самара] _cтип. им. т. Мяги _d[1931] |
||
| 215 |
_a17 с. _cчерт. _d21х15 см. |
||
| 700 | 1 |
_aОсипов _bН. И. _gНиколай Иванович |
|
| 801 | 0 |
_aRU _bNLR _gpsbo |
|
| 801 | 1 |
_aRU _bELAR _2rusmarc |
|
| 852 |
_aNLR _j32-10/598 |
||
| 942 | _cBOOK | ||
| 980 | _aNB | ||